000 00459nam a2200145Ia 4500
008 100122s9999 xx 000 0 und d
082 _b8383
_a823.08
100 _aपोहनेरकर न शे
245 _aविरलेल्या गारा
260 _bजोशी ब्रदर्स
_c1941
300 _a50
630 _aविरलेल्या गारा
730 _aविरलेल्या गारा
942 _cBOOK
999 _c400698
_d400695